Lana Del Rey - Ultraviolence (all songs) - Statistics

General Stats
  • This quiz has been taken 244 times
  • The average score is 11 of 14
Answer Stats
Songs % Correct
Ultraviolence
99%
Brooklyn Baby
88%
West Coast
87%
Sad Girl
84%
Shades Of Cool
84%
Black Beauty
80%
Pretty When You Cry
80%
The Other Woman
80%
Cruel World
79%
Old Money
77%
Florida Kilos
76%
Fucked My Way Up To The Top
71%
Guns And Roses
71%
Money Power Glory
71%
No matching quizzes found
Score Distribution
Percent of People with Each Score
Percentile by Number Answered
Your Score History
You have not taken this quiz